[Event "Liege Soultanbeieff op"]
[Site "Liege"]
[Date "2012.03.16"]
[Round "6"]
[White "Becker, Joseph"]
[Black "Nottet, Tristan"]
[Result "0-1"]
[WhiteElo "1481"]
[BlackElo "1693"]
[PlyCount "72"]
[EventDate "2012.01.27"]
[EventType "swiss"]
[EventRounds "9"]
[EventCountry "BEL"]
[SourceTitle "EXT 2013"]
[Source "ChessBase"]
[SourceDate "2012.11.22"]
[SourceVersion "1"]
[SourceVersionDate "2012.11.22"]
[SourceQuality "1"]

1. d4 Nf6 2. Bg5 d5 3. Nf3 c5 4. c3 Nc6 5. e3 Bf5 6. Bd3 Bxd3 7. Qxd3 c4 8. Qc2 e6 9. Nbd2 h6 10. Bf4 b5 11. a3 Be7 12. Ne5 Qb6 13. Rb1 Nh5 14. Nxc6 Nxf4 15. Ne5 Nxg2+ 16. Kf1 Nh4 17. Rg1 g5 18. Ndf3 Nxf3 19. Nxf3 Qc7 20. Ne5 Bd6 21. f4 gxf4 22. exf4 0-0-0 23. b3 cxb3 24. Rxb3 f6 25. Rxb5 fxe5 26. fxe5 Qc4+ 27. Qe2 Rdf8+ 28. Ke1 Qxc3+ 29. Qd2 Qa1+ 30. Qd1 Qxd1+ 31. Kxd1 Bxa3 32. Ke2 Rhg8 33. Rgb1 Kd7 34. Rb7+ Ke8 35. Rxa7 Be7 36. Rbb7 Rg2+ 0-1

[Event "Liege Soultanbeieff op"]
[Site "Liege"]
[Date "2012.03.02"]
[Round "5"]
[White "Hardy, Roger"]
[Black "Becker, Joseph"]
[Result "0-1"]
[WhiteElo "1301"]
[BlackElo "1481"]
[PlyCount "66"]
[EventDate "2012.01.27"]
[EventType "swiss"]
[EventRounds "9"]
[EventCountry "BEL"]
[SourceTitle "EXT 2013"]
[Source "ChessBase"]
[SourceDate "2012.11.22"]
[SourceVersion "1"]
[SourceVersionDate "2012.11.22"]
[SourceQuality "1"]

1. e4 e6 2. d4 d5 3. Nc3 Bb4 4. e5 a6 5. Bd2 Bd7 6. Nf3 Ne7 7. a3 Ba5 8. Bd3 Bb6 9. 0-0 c5 10. dxc5 Bxc5 11. b4 Bb6 12. Ne2 Bb5 13. Re1 Nd7 14. Ned4 Ba4 15. Qc1 Rc8 16. c3 Bxd4 17. Nxd4 Qc7 18. f4 Nb6 19. Ne2 Nc4 20. Bxc4 Qxc4 21. Rb1 h5 22. Nd4 Bd7 23. b5 axb5 24. Rb4 Qc5 25. Qb1 Nf5 26. Kh1 Nxd4 27. cxd4 Qc2 28. Qxc2 Rxc2 29. Bc1 0-0 30. a4 Rfc8 31. Be3 R8c3 32. h4 Rc4 33. Reb1 R4c3 0-1